[Event "Chigorin Memorial 2019"]
[Site "St Petersburg RUS"]
[Date "2019.10.09"]
[Round "5.133"]
[White "Fedorov, Egor"]
[Black "Dudarev, V."]
[Result "1/2-1/2"]
[WhiteElo "1489"]
[BlackElo "2127"]
[WhiteFideId "44126565"]
[BlackFideId "4124413"]
[EventDate "2019.10.05"]

1. c4 e5 2. g3 Nf6 3. Bg2 d5 4. e3 Nc6 5. cxd5 Nxd5 6. a3 Be7 7. Ne2 O-O 8. O-O
a5 9. Nbc3 Nb6 10. d4 exd4 11. Nxd4 Ne5 12. Qc2 c6 13. Rd1 Qc7 14. e4 Ng6 15.
Nd5 Nxd5 16. exd5 Bg4 17. Re1 Qd6 18. Qe4 Bd7 19. dxc6 bxc6 20. Nxc6 Bxc6 21.
Bf4 1/2-1/2

[Event "Chigorin Memorial 2019"]
[Site "St Petersburg RUS"]
[Date "2019.10.09"]
[Round "5.134"]
[White "Lvov, Nikita"]
[Black "Lekhtonen, Yaroslav"]
[Result "1/2-1/2"]
[WhiteElo "2079"]
[BlackElo "1716"]
[WhiteFideId "24200212"]
[BlackFideId "24269484"]
[EventDate "2019.10.05"]

1. d4 d5 2. c4 e6 3. Nf3 c6 4. e3 Nf6 5. Nbd2 Nbd7 6. Bd3 Be7 7. O-O O-O 8. e4
dxe4 9. Nxe4 c5 10. Nxc5 Nxc5 11. dxc5 Bxc5 12. Bg5 h6 13. Bh4 b6 14. Qe2 Bb7
15. Rad1 Qe7 16. Bb1 Rfd8 17. Ne5 Qf8 18. Ng4 Rxd1 19. Rxd1 Nxg4 20. Qxg4 Be7
21. Rd7 Bxh4 22. Qxh4 Bc6 23. Rd1 Qc5 24. Rd8+ Rxd8 25. Qxd8+ Qf8 26. Qc7 Qa8
27. f3 g6 28. b4 Qb7 29. Qd8+ Kg7 30. Qd4+ Kg8 31. Kf2 Qd7 32. Ke3 Qxd4+ 33.
Kxd4 Kf8 34. b5 Bd7 35. a4 Ke7 36. c5 g5 37. Be4 f6 38. g4 Kd8 39. Bg6 Kc7 40.
c6 Bc8 41. Ke4 Kd6 42. h3 a6 43. f4 axb5 44. axb5 Kc5 45. Be8 Kd6 46. f5 exf5+
47. gxf5 Ke7 48. Bh5 1/2-1/2

[Event "Chigorin Memorial 2019"]
[Site "St Petersburg RUS"]
[Date "2019.10.09"]
[Round "5.135"]
[White "Kulek, Yuri"]
[Black "Lysenko, Olesya"]
[Result "0-1"]
[WhiteElo "2029"]
[BlackElo "1706"]
[WhiteFideId "4191684"]
[BlackFideId "34106100"]
[EventDate "2019.10.05"]

1. d4 Nf6 2. c4 g6 3. Nf3 Bg7 4. g3 O-O 5. Bg2 d6 6. O-O Nc6 7. Nc3 a6 8. Bf4
Rb8 9. Rc1 Bd7 10. d5 Na5 11. b3 c5 12. e4 Nh5 13. Be3 b5 14. Nd2 bxc4 15. bxc4
Rb2 16. Bf3 Nf6 17. Rc2 Qb6 18. Qc1 Rb8 19. Nd1 Rxc2 20. Qxc2 Ng4 21. Bg5 Ne5
22. Bg2 Kf8 23. h3 Qb4 24. Ne3 Ba4 25. Qc1 Nd3 26. Qb1 Qxb1 27. Rxb1 Rxb1+ 28.
Nxb1 h6 0-1

[Event "Chigorin Memorial 2019"]
[Site "St Petersburg RUS"]
[Date "2019.10.09"]
[Round "5.136"]
[White "Andreeva, Anastasiia"]
[Black "Ponomarev, Vsevolod"]
[Result "1-0"]
[WhiteElo "1691"]
[BlackElo "1980"]
[WhiteFideId "44131542"]
[BlackFideId "24239968"]
[EventDate "2019.10.05"]

1. c4 e6 2. d4 d5 3. e3 Nf6 4. Nc3 c5 5. Nf3 Nc6 6. dxc5 Bxc5 7. cxd5 exd5 8.
Be2 O-O 9. O-O Bf5 10. b3 d4 11. exd4 Nxd4 12. Bb2 Re8 13. Nxd4 Bxd4 14. Bf3 Re7
15. Na4 Rd7 16. Bxd4 Rxd4 17. Qc1 Ne4 18. Rd1 b5 19. Qe3 Rxd1+ 20. Rxd1 Qf8 21.
Nc5 Re8 22. Nxe4 Kh8 23. Qc5 Qxc5 24. Nxc5 1-0

[Event "Chigorin Memorial 2019"]
[Site "St Petersburg RUS"]
[Date "2019.10.09"]
[Round "5.137"]
[White "Gusev, Mikhail"]
[Black "Zakharova, Viktoriya"]
[Result "0-1"]
[WhiteElo "1635"]
[BlackElo "1939"]
[WhiteFideId "34270140"]
[BlackFideId "24183890"]
[EventDate "2019.10.05"]

1. d4 Nf6 2. Nf3 e6 3. c4 b6 4. g3 Bb7 5. Bg2 d5 6. cxd5 exd5 7. O-O Bd6 8. Nc3
a6 9. Bg5 Nbd7 10. Qb3 h6 11. Bxf6 Nxf6 12. Nh4 O-O 13. Nf5 Re8 14. Rfe1 Bf8 15.
Rac1 Ne4 16. Ne3 Nxc3 17. Qxc3 c5 18. Ng4 Qg5 19. h3 h5 20. Nh2 cxd4 21. Qxd4
Bc5 22. Rxc5 bxc5 23. Qxc5 Qd2 24. Nf3 Qxb2 25. Qd6 Rxe2 26. Rxe2 Qxe2 27. Qc7
Qb5 28. Ne5 Rf8 29. Qe7 Bc6 30. Qg5 f6 0-1

[Event "Chigorin Memorial 2019"]
[Site "St Petersburg RUS"]
[Date "2019.10.09"]
[Round "5.138"]
[White "Sorin, Boris"]
[Black "Soloviev, Mikhail"]
[Result "1-0"]
[WhiteElo "1937"]
[BlackElo "1704"]
[WhiteFideId "24125229"]
[BlackFideId "54106001"]
[EventDate "2019.10.05"]

1. e4 c5 2. Nf3 d6 3. d4 cxd4 4. Nxd4 Nf6 5. Nc3 g6 6. Be3 Bg7 7. f3 O-O 8. Bc4
Nc6 9. Qd2 Bd7 10. O-O-O Rc8 11. Bb3 Ne5 12. Kb1 Nc4 13. Bxc4 Rxc4 14. g4 Re8
15. e5 dxe5 16. Nb3 Rc7 17. Nb5 Rc6 18. g5 a6 19. gxf6 Bxf6 20. Qxd7 Qxd7 21.
Rxd7 axb5 22. Rhd1 e6 23. Rxb7 1-0

[Event "Chigorin Memorial 2019"]
[Site "St Petersburg RUS"]
[Date "2019.10.09"]
[Round "5.139"]
[White "Nikitin, Georgy"]
[Black "Vorontsov, Dmitry"]
[Result "0-1"]
[WhiteElo "1920"]
[BlackElo "1683"]
[WhiteFideId "34115959"]
[BlackFideId "24156892"]
[EventDate "2019.10.05"]

1. d4 Nf6 2. c4 g6 3. Nc3 Bg7 4. e4 d6 5. f3 O-O 6. Be3 e5 7. d5 Nh5 8. Bd3 f5
9. Nge2 f4 10. Bf2 a5 11. a3 Na6 12. b4 c5 13. bxc5 Nxc5 14. Na4 Nxa4 15. Qxa4
Rf7 16. Rb1 Bf8 17. Qc2 Rg7 18. Rb5 g5 19. h3 Nf6 20. Bb6 Qe8 21. Rxa5 Rxa5 22.
Bxa5 h5 23. Kd2 g4 24. hxg4 hxg4 25. Qd1 Bd7 26. Qb1 Qa8 27. Qb6 gxf3 28. gxf3
Be8 29. Rg1 Bh5 30. Rxg7+ Bxg7 31. Ng1 Nd7 32. Qc7 Qa7 33. Nh3 Qe3+ 34. Kc2 Nc5
35. Qd8+ Kh7 36. Bf1 Qb3+ 37. Kc1 Qxa3+ 38. Kb1 Nb3 39. Ng5+ Kh6 40. Bc3 Qc1+
41. Ka2 Qc2+ 42. Ka3 Qxc3 43. Ne6 Nc5+ 44. Ka2 Qc2+ 0-1

[Event "Chigorin Memorial 2019"]
[Site "St Petersburg RUS"]
[Date "2019.10.09"]
[Round "5.140"]
[White "Lebedev, Artem S."]
[Black "Sorokin, Artem"]
[Result "1/2-1/2"]
[WhiteElo "1561"]
[BlackElo "1904"]
[WhiteFideId "34272747"]
[BlackFideId "44133561"]
[EventDate "2019.10.05"]

1. e4 c5 2. Nf3 Nc6 3. Bb5 g6 4. O-O Bg7 5. c3 Nf6 6. Re1 O-O 7. d4 cxd4 8. cxd4
d6 9. Nc3 a6 10. Bxc6 bxc6 11. Be3 Rb8 12. Qc2 h6 13. h3 Be6 14. Rad1 Qc7 15. b3
Rfc8 16. Rc1 Qa5 17. Qd2 Kh7 18. Nd5 Qxd2 19. Nxf6+ Bxf6 20. Nxd2 a5 21. Nc4 a4
22. e5 dxe5 23. dxe5 Bg5 24. Bxg5 hxg5 25. Re3 c5 26. Rec3 Rb4 27. Ne3 axb3 28.
axb3 Rxb3 29. Rxc5 Rcb8 30. Rc7 R8b7 31. Rxb7 Rxb7 32. Rc5 1/2-1/2

[Event "Chigorin Memorial 2019"]
[Site "St Petersburg RUS"]
[Date "2019.10.09"]
[Round "5.141"]
[White "Avazov, Semen"]
[Black "Bajaramov, Elvin"]
[Result "1-0"]
[WhiteElo "1639"]
[BlackElo "1881"]
[WhiteFideId "54114390"]
[BlackFideId "24142514"]
[EventDate "2019.10.05"]

1. e4 e5 2. Nf3 Nc6 3. d4 exd4 4. Nxd4 Bc5 5. Nb3 Bb6 6. Nc3 Nf6 7. Bg5 O-O 8.
Qe2 Nd4 9. Qd2 Ne6 10. Be3 d6 11. O-O-O Ng4 12. Bxb6 axb6 13. h3 Ne5 14. f4 Nc6
15. f5 Nc5 16. Nxc5 bxc5 17. Kb1 Re8 18. g4 Nd4 19. Bg2 c6 20. Ne2 Nxe2 21. Qxe2
b5 22. Qd2 b4 23. c4 bxc3 24. Qxc3 Qe7 25. h4 Bb7 26. g5 d5 27. f6 Qe5 28. exd5
cxd5 29. Qxc5 Qf5+ 30. Ka1 Re2 31. Bxd5 Bxd5 32. Qxd5 Qxd5 33. Rxd5 Rb8 34. b3
Ra8 35. a4 Rb8 36. Rd3 gxf6 37. gxf6 h6 38. Rg1+ Kf8 39. Rdg3 1-0

[Event "Chigorin Memorial 2019"]
[Site "St Petersburg RUS"]
[Date "2019.10.09"]
[Round "5.142"]
[White "Gubatayeva, Ayshe"]
[Black "Lakshyesh, Mohan Gupta"]
[Result "1/2-1/2"]
[WhiteElo "1870"]
[BlackElo "1635"]
[WhiteFideId "14005913"]
[BlackFideId "45049114"]
[EventDate "2019.10.05"]

1. d4 d5 2. c4 Nc6 3. Nf3 e6 4. g3 Nf6 5. Bg2 Be7 6. O-O O-O 7. Nbd2 Bb4 8. c5
Bxd2 9. Bxd2 a5 10. b3 Re8 11. a3 e5 12. dxe5 Ng4 13. Bg5 Qd7 14. Bf4 Ngxe5 15.
Nxe5 Nxe5 16. Qxd5 Qxd5 17. Bxd5 c6 18. Bg2 Nd7 19. Be3 Nf6 20. Bf3 Be6 21. b4
Bd5 22. Bd4 Bxf3 23. exf3 Red8 24. bxa5 Rxa5 1/2-1/2

[Event "Chigorin Memorial 2019"]
[Site "St Petersburg RUS"]
[Date "2019.10.09"]
[Round "5.143"]
[White "Zakharov, Yuri"]
[Black "Loktionov, Kirill"]
[Result "1-0"]
[WhiteElo "1600"]
[BlackElo "1866"]
[WhiteFideId "4166620"]
[BlackFideId "54120403"]
[EventDate "2019.10.05"]

1. Nf3 d5 2. g3 c5 3. Bg2 Nf6 4. O-O Nc6 5. d4 Bg4 6. c3 e6 7. Qa4 Bxf3 8. exf3
cxd4 9. cxd4 Qb6 10. Rd1 Be7 11. Nc3 O-O 12. a3 Rfc8 13. Bf1 a6 14. Ne2 Na5 15.
b4 Nc4 16. Ra2 Ne8 17. Nf4 Ned6 18. Qb3 Nb5 19. Be3 Nxe3 20. Qxe3 Nc3 21. Rdd2
Nxa2 22. Rxa2 Qc7 23. Kg2 Bf6 24. Nh5 Qc1 25. Rd2 Be7 26. Bd3 g6 27. Qh6 gxh5
28. Bxh7+ 1-0

[Event "Chigorin Memorial 2019"]
[Site "St Petersburg RUS"]
[Date "2019.10.09"]
[Round "5.144"]
[White "Reger, Valeriia"]
[Black "Novozhilov, Semen"]
[Result "1-0"]
[WhiteElo "1599"]
[BlackElo "1786"]
[WhiteFideId "34175528"]
[BlackFideId "24289167"]
[EventDate "2019.10.05"]

1. c4 e5 2. g3 h5 3. h4 Bc5 4. Nc3 Nf6 5. Bg2 d6 6. e3 Nc6 7. Nge2 Bg4 8. a3 a5
9. f3 Bf5 10. d4 exd4 11. exd4 Bb6 12. Bg5 Qd7 13. Bxf6 gxf6 14. Nd5 Kf8 15. O-O
Bh3 16. Nxf6 Qf5 17. Nd5 Re8 18. Nxb6 cxb6 19. Nf4 Bxg2 20. Kxg2 Rg8 21. Qd2 Qf6
22. Nd5 Qg6 23. Qf4 Re2+ 24. Rf2 Nxd4 25. Rxe2 Nxe2 26. Qg5 Qxg5 27. hxg5 Rxg5
28. g4 hxg4 29. fxg4 b5 30. Rd1 bxc4 31. Kf3 Re5 32. Ne3 c3 33. Kxe2 cxb2 34.
Rb1 Rb5 35. Nc4 Rc5 36. Kd3 d5 37. Nxb2 Rb5 38. Kc2 Kg7 39. Rf1 Rc5+ 40. Kd3 b5
41. Rf4 Kg6 42. Nd1 Rc4 43. Rf5 Rc1 44. Nc3 1-0

[Event "Chigorin Memorial 2019"]
[Site "St Petersburg RUS"]
[Date "2019.10.09"]
[Round "5.145"]
[White "Shceglov, Mikhail"]
[Black "Erokhin, Artem"]
[Result "0-1"]
[WhiteElo "1590"]
[BlackElo "1851"]
[WhiteFideId "44164130"]
[BlackFideId "44153414"]
[EventDate "2019.10.05"]

1. e4 e5 2. Nf3 Nc6 3. Bb5 a6 4. Ba4 d6 5. O-O Bd7 6. c3 g6 7. d4 Bg7 8. dxe5
dxe5 9. Bg5 Nge7 10. Qe2 h6 11. Bh4 g5 12. Bg3 Ng6 13. Rd1 Qe7 14. Nbd2 g4 15.
Ne1 h5 16. f3 h4 17. Bf2 Nf4 18. Qf1 g3 19. hxg3 hxg3 20. Bxg3 Qg5 21. Kf2 Bf6
22. Bxf4 exf4 23. Nc2 Qg3+ 24. Ke2 Rh2 25. Ne1 Nd4+ 26. cxd4 Bxa4 27. b3 Bxd4
28. Rac1 Bc6 29. Nc4 O-O-O 30. Rd3 Bb5 31. a4 Bxc4 32. Rxc4 c5 33. Kd1 Qh4 34.
Qe2 Rh1 35. Qd2 Kc7 36. a5 Be3 0-1

[Event "Chigorin Memorial 2019"]
[Site "St Petersburg RUS"]
[Date "2019.10.09"]
[Round "5.146"]
[White "Smorodkin, Kirill"]
[Black "Erin, Aleksandr V."]
[Result "1/2-1/2"]
[WhiteElo "1848"]
[BlackElo "1612"]
[WhiteFideId "44176678"]
[BlackFideId "24272710"]
[EventDate "2019.10.05"]

1. e4 c5 2. Nf3 e6 3. d4 cxd4 4. Nxd4 a6 5. Nc3 Qc7 6. Bd3 Nf6 7. O-O b6 8. Be3
Bb7 9. f4 Be7 10. e5 Nd5 11. Nxd5 Bxd5 12. c4 Bb7 13. Qg4 Kf8 14. Qh3 Nc6 15.
Rae1 Nxd4 16. Bxd4 Bc5 17. Bxc5+ Qxc5+ 18. Qe3 Ke7 19. b4 Qxe3+ 20. Rxe3 Rac8
21. Rd1 g6 22. Be2 Rhd8 23. Rd6 b5 24. cxb5 Rc1+ 25. Kf2 axb5 26. Bxb5 Rc2+ 27.
Re2 Rxe2+ 28. Kxe2 Bxg2 29. a4 f6 30. Ke3 g5 31. Rd2 gxf4+ 32. Kxf4 fxe5+ 33.
Kxe5 d6+ 34. Kf4 e5+ 35. Ke3 Ba8 36. Rc2 Kf6 37. Bd3 d5 38. Bxh7 d4+ 39. Kd3 Rh8
40. Rc7 Bd5 41. a5 Rb8 42. Rc5 Ba2 43. Rc6+ Kg7 44. Rb6 Rc8 45. Rb7+ Kh6 46. Kd2
Bd5 47. Re7 Rb8 48. h4 Rxb4 49. Bf5 Rb7 50. Rxe5 Bc4 51. a6 Ra7 52. Bc8 Kg6 53.
Bb7 Bxa6 54. h5+ Kf6 55. Ra5 Rxb7 56. Rxa6+ Kg5 57. Ra5+ Kh6 1/2-1/2

[Event "Chigorin Memorial 2019"]
[Site "St Petersburg RUS"]
[Date "2019.10.09"]
[Round "5.147"]
[White "Kvaratskheliya, Tristan"]
[Black "Zelenskaya, Anastasiya"]
[Result "0-1"]
[WhiteElo "1536"]
[BlackElo "1826"]
[WhiteFideId "34253637"]
[BlackFideId "54112540"]
[EventDate "2019.10.05"]

1. e4 c5 2. Nf3 e6 3. d4 cxd4 4. Nxd4 a6 5. Bd3 Qc7 6. O-O Nf6 7. Qe2 d6 8. c4
g6 9. Nc3 Bg7 10. Nf3 Nbd7 11. Bf4 Ng4 12. Rac1 Nge5 13. Nxe5 dxe5 14. Be3 O-O
15. b4 Rd8 16. a4 b6 17. Ra1 Bf8 18. Rfb1 a5 19. bxa5 bxa5 20. Nb5 Qc6 21. Rd1
Bc5 22. Bxc5 Nxc5 23. Bc2 Bb7 24. f3 Ba6 25. Rxd8+ Rxd8 26. Rd1 Rxd1+ 27. Qxd1
Bxb5 28. cxb5 Qd7 29. Qxd7 Nxd7 30. Kf2 Kf8 31. g3 Ke7 32. Ke3 f5 33. g4 Kf6 34.
h4 fxg4 35. fxg4 g5 36. h5 Ke7 37. Kd3 Kd6 38. Bd1 Nf6 39. Bf3 Kc5 40. Bd1 Kb4
41. Ke3 Nd7 42. Bc2 Kc3 43. Bd1 h6 44. Be2 Nb6 45. Bd1 Nc4+ 46. Kf3 Kd2 47. Bb3
Nb6 48. Kf2 Kd3 49. Kf3 Nd7 50. Bxe6 Nc5 51. Bd5 Nxa4 52. Bb3 Nb6 53. Ba2 a4 54.
Bb1+ Kc3 55. Ba2 a3 56. Ke2 Kb2 57. Be6 a2 0-1

[Event "Chigorin Memorial 2019"]
[Site "St Petersburg RUS"]
[Date "2019.10.09"]
[Round "5.148"]
[White "Golovchenko, Bogdan"]
[Black "Vetokhina, Sofia"]
[Result "1-0"]
[WhiteElo "1824"]
[BlackElo "1589"]
[WhiteFideId "54198607"]
[BlackFideId "24199966"]
[EventDate "2019.10.05"]

1. d4 Nf6 2. Bf4 c5 3. e3 Qb6 4. Nf3 d6 5. Nbd2 g6 6. Nc4 Qc7 7. Be2 Bg7 8. c3
b5 9. Ncd2 Qb6 10. O-O O-O 11. a4 bxa4 12. Nc4 Qc7 13. Qxa4 Bd7 14. Qd1 Nh5 15.
Bg3 Nxg3 16. hxg3 Bb5 17. dxc5 Bxc4 18. Bxc4 Qxc5 19. Qd5 Nd7 20. Ng5 Nb6 21.
Qxc5 dxc5 22. Be2 a5 23. Bf3 Ra7 24. Rfd1 Nc4 25. Ra2 Rb8 26. Bd5 Nd6 27. Kf1 h6
28. Ne4 Nxe4 29. Bxe4 Be5 30. f4 Bd6 31. Ke2 Kg7 32. Kd2 Bc7 33. Kc2 Bd6 34. Bf3
g5 35. Rd5 f6 36. Rd1 Ra6 37. Bd5 Bc7 38. Bc4 Rd6 39. Rxd6 exd6 40. Kd3 Re8 41.
f5 Re5 42. e4 Re8 43. Be6 Rb8 44. b3 Kf8 45. Kc4 Bd8 46. Ra1 Rb7 47. g4 Ke8 48.
Rd1 Be7 49. Rh1 Bf8 50. Ra1 Be7 51. Rxa5 Bd8 52. Ra1 Be7 53. Bd5 Rb8 54. Ra7 Rd8
55. Bc6+ Kf8 56. Kd5 Rb8 57. Ke6 Rd8 58. Rxe7 1-0

[Event "Chigorin Memorial 2019"]
[Site "St Petersburg RUS"]
[Date "2019.10.09"]
[Round "5.149"]
[White "Shilo, Kirill"]
[Black "Dunaevskaya, Alisa"]
[Result "1-0"]
[WhiteElo "1824"]
[BlackElo "1583"]
[WhiteFideId "34157082"]
[BlackFideId "54115396"]
[EventDate "2019.10.05"]

1. e4 d6 2. d4 Nf6 3. Nc3 e5 4. Nf3 Nbd7 5. Rg1 exd4 6. Nxd4 Nc5 7. g4 c6 8. f3
h6 9. h4 g6 10. Be3 a5 11. Qd2 Nfd7 12. Rh1 Ne5 13. O-O-O a4 14. a3 Qc7 15. Be2
b5 16. Na2 Ne6 17. f4 Nc4 18. Bxc4 bxc4 19. Nxe6 Bxe6 20. f5 gxf5 21. gxf5 Bc8
22. Qc3 Rg8 23. Qxc4 c5 24. Nc3 Bb7 25. Rhg1 Rxg1 26. Rxg1 f6 27. Rg8 Qf7 28.
Qb5+ Qd7 29. Rxf8+ 1-0

[Event "Chigorin Memorial 2019"]
[Site "St Petersburg RUS"]
[Date "2019.10.09"]
[Round "5.150"]
[White "Mekanova, Annagozel"]
[Black "Kobak, Polina"]
[Result "1-0"]
[WhiteTitle "WFM"]
[WhiteElo "1809"]
[BlackElo "1549"]
[WhiteFideId "14003902"]
[BlackFideId "24269727"]
[EventDate "2019.10.05"]

1. e4 c5 2. Nf3 Nc6 3. d4 cxd4 4. Nxd4 g6 5. Nc3 Bg7 6. Be3 Nf6 7. Be2 O-O 8.
O-O d5 9. exd5 Nb4 10. d6 Qxd6 11. Ndb5 Qd8 12. Qxd8 Rxd8 13. Nc7 Bf5 14. Nxa8
Rxa8 15. Bd1 b6 16. a3 Nxc2 17. Bxc2 Bxc2 18. Rac1 Bb3 19. Nb5 Nd5 20. Nc7 Rd8
21. Nxd5 Bxd5 22. Rc7 Bxb2 23. Rxa7 b5 24. Rd1 e6 25. f3 Rb8 26. Rb1 Bf6 27. Ra5
Bc4 28. a4 b4 29. Rb5 Bxb5 30. Rxb4 Bc3 31. Rb3 Ba5 32. axb5 Bb6 33. Bxb6 Rxb6
34. Kf2 Kf8 35. Ke3 Ke7 36. Kd4 Kd6 37. Kc4 e5 38. Rd3+ Kc7 39. Kc5 Re6 40. Ra3
Kb7 41. Ra6 Re7 42. Rf6 Kc7 43. b6+ Kb7 44. Kd6 Re8 45. Rxf7+ Kxb6 46. Rxh7 e4
47. fxe4 Rxe4 48. Rg7 Rh4 49. h3 Rh6 50. Ke5 Kc6 51. Kf6 1-0

[Event "Chigorin Memorial 2019"]
[Site "St Petersburg RUS"]
[Date "2019.10.09"]
[Round "5.151"]
[White "Nagaeva, Aliia"]
[Black "Kuzmichev, Danil"]
[Result "0-1"]
[WhiteElo "1542"]
[BlackElo "1808"]
[WhiteFideId "54152275"]
[BlackFideId "54174511"]
[EventDate "2019.10.05"]

1. e4 c5 2. Nf3 d6 3. d4 cxd4 4. Nxd4 Nf6 5. Nc3 g6 6. Be3 Bg7 7. f3 O-O 8. Qd2
Nc6 9. O-O-O d5 10. Nxc6 bxc6 11. exd5 Nxd5 12. Nxd5 cxd5 13. Qxd5 Qc7 14. Bb5
Rb8 15. b3 Be6 16. Qd3 Bf5 17. Qc4 Qe5 18. Bc5 Rfc8 19. b4 Qb2+ 20. Kd2 Bxc2 21.
Qxc2 Bc3+ 22. Kd3 Rd8+ 0-1

[Event "Chigorin Memorial 2019"]
[Site "St Petersburg RUS"]
[Date "2019.10.09"]
[Round "5.152"]
[White "Sladkov, Andrey"]
[Black "Kudryavtseva, Anastasia"]
[Result "1/2-1/2"]
[WhiteElo "1806"]
[BlackElo "1501"]
[WhiteFideId "24160350"]
[BlackFideId "44166320"]
[EventDate "2019.10.05"]

1. e4 d6 2. d4 Nf6 3. Nc3 g6 4. Nf3 Bg7 5. Be2 O-O 6. O-O c6 7. h3 Nbd7 8. Be3
e5 9. dxe5 dxe5 10. Qd2 Re8 11. Rad1 Qe7 12. a3 b5 13. Qd6 Bb7 14. Qxe7 Rxe7 15.
Nd2 a5 16. Bd3 Rae8 17. f3 Nh5 18. Ne2 Nf4 19. Nb3 a4 20. Nc5 Nxc5 21. Bxc5 Rd7
22. Nxf4 exf4 23. c3 Red8 24. Be2 Bf6 25. Rxd7 Rxd7 26. Rd1 Rxd1+ 27. Bxd1 Be5
28. Kf1 f6 1/2-1/2

[Event "Chigorin Memorial 2019"]
[Site "St Petersburg RUS"]
[Date "2019.10.09"]
[Round "5.153"]
[White "Koltsova, Alisa"]
[Black "Akhmedov, David"]
[Result "0-1"]
[WhiteElo "1486"]
[BlackElo "1785"]
[WhiteFideId "24249599"]
[BlackFideId "34220194"]
[EventDate "2019.10.05"]

1. d4 Nf6 2. c4 g6 3. Nc3 Bg7 4. e4 O-O 5. Be2 d6 6. Bg5 Nbd7 7. Bf3 e5 8. d5 a5
9. Nge2 Nc5 10. Qd2 h6 11. Be3 Bg4 12. Bxg4 Nxg4 13. Bxc5 dxc5 14. h3 Nf6 15.
O-O Ne8 16. Qe3 b6 17. Nb5 Qh4 18. a3 f5 19. f3 Rd8 20. Nec3 Bf6 21. Qf2 Qh5 22.
Qe2 Rd7 23. Qc2 Qg5 24. Ne2 Ng7 25. Qc1 Qh4 26. Qe1 Qh5 27. Rd1 Bg5 28. Ng3 Qh4
29. Ne2 Be3+ 30. Kh2 Qg5 31. Qg3 Qxg3+ 32. Kxg3 Rdf7 33. Nbc3 Bd4 34. Rd2 fxe4
35. Nxe4 Nf5+ 36. Kh2 Ne3 37. Rc1 g5 38. Nxd4 cxd4 39. Nf2 h5 40. Nd1 Nf1+ 0-1

[Event "Chigorin Memorial 2019"]
[Site "St Petersburg RUS"]
[Date "2019.10.09"]
[Round "5.154"]
[White "Tsoi, Matvey"]
[Black "Kulnev, Aleksandr"]
[Result "1-0"]
[WhiteElo "1774"]
[BlackElo "1536"]
[WhiteFideId "54108802"]
[BlackFideId "54157544"]
[EventDate "2019.10.05"]

1. d4 d6 2. Nf3 g6 3. c3 Bg7 4. Bg5 f5 5. h4 h6 6. Bf4 Nf6 7. Nbd2 Nh5 8. Bh2
Nc6 9. Qc2 Nf6 10. O-O-O Be6 11. e4 fxe4 12. Nxe4 Nxe4 13. Qxe4 Bf5 14. Qe3 Qd7
15. Bd3 a5 16. Bb5 d5 17. Be5 Bxe5 18. Nxe5 Qd6 19. Rhe1 Rh7 20. g4 Bd7 21. f4
Nxe5 22. dxe5 Qe6 23. f5 gxf5 24. gxf5 Qxf5 25. Bd3 Qf7 26. e6 1-0

[Event "Chigorin Memorial 2019"]
[Site "St Petersburg RUS"]
[Date "2019.10.09"]
[Round "5.155"]
[White "Starkov, Alexandr"]
[Black "Nuritdinov, Nizomitdin"]
[Result "0-1"]
[WhiteElo "1453"]
[BlackElo "1771"]
[WhiteFideId "54146763"]
[BlackFideId "34177245"]
[EventDate "2019.10.05"]

1. d4 d5 2. Bf4 Nf6 3. e3 e6 4. Nf3 c5 5. c3 Nc6 6. Nbd2 Be7 7. h3 a6 8. Bd3 c4
9. Bc2 b5 10. b3 Bb7 11. b4 O-O 12. O-O Nh5 13. Bh2 f5 14. Ne5 Nf6 15. Nxc6 Bxc6
16. Nf3 Bb7 17. a4 Bd6 18. Bxd6 Qxd6 19. a5 Bc6 20. Ne5 Be8 21. Qe1 Ra7 22. Bd1
g5 23. f4 h6 24. Bf3 Rg7 25. Kf2 g4 26. hxg4 fxg4 27. Bd1 Ne4+ 28. Ke2 g3 29.
Bc2 Bh5+ 30. Nf3 Nf2 31. Rxf2 gxf2 32. Qxf2 Rf6 33. Rg1 Qf8 34. Kd2 Bxf3 35.
Qxf3 Kf7 36. g4 Ke7 37. Rh1 Qg8 38. Rh4 h5 39. Rxh5 Rxg4 40. Rh7+ Rg7 41. Qh3
Rxh7 42. Qxh7+ Qxh7 43. Bxh7 Rh6 44. Bc2 Rh2+ 45. Kd1 Kf6 46. e4 Rf2 47. f5 exf5
48. exd5 Ke7 49. Bb1 Rf1+ 0-1

[Event "Chigorin Memorial 2019"]
[Site "St Petersburg RUS"]
[Date "2019.10.09"]
[Round "5.156"]
[White "Golovanskikh, Dmitriy"]
[Black "Borisenko, Ekaterina"]
[Result "1-0"]
[WhiteElo "1764"]
[BlackElo "1442"]
[WhiteFideId "54123178"]
[BlackFideId "34276416"]
[EventDate "2019.10.05"]

1. d4 Nf6 2. Bf4 g6 3. e3 Bg7 4. Nf3 d5 5. Nbd2 Nh5 6. Bg5 h6 7. Bh4 g5 8. Ne5
Nf6 9. Bg3 O-O 10. h4 b6 11. hxg5 hxg5 12. Bd3 c5 13. c3 Be6 14. Ndf3 c4 15. Bc2
g4 16. Ng5 Qc8 17. Nh7 Re8 18. f3 gxf3 19. Qxf3 Nbd7 20. Ng5 Nxe5 21. dxe5 Ng4
22. O-O-O Nxe5 23. Bxe5 Bxe5 24. Qh5 Rd8 25. Rdf1 f5 26. Qg6+ 1-0

[Event "Chigorin Memorial 2019"]
[Site "St Petersburg RUS"]
[Date "2019.10.09"]
[Round "5.157"]
[White "Karmanova, Olga Dm."]
[Black "Kalashnikov, Fedor"]
[Result "1/2-1/2"]
[WhiteElo "1768"]
[BlackElo "1387"]
[WhiteFideId "24215333"]
[BlackFideId "34294031"]
[EventDate "2019.10.05"]

1. b3 Nf6 2. Bb2 g6 3. c4 Bg7 4. Nf3 d6 5. e3 O-O 6. Be2 Nbd7 7. d3 e5 8. Nbd2
a5 9. a3 Re8 10. Qc2 h6 11. O-O Nh7 12. b4 f5 13. Bc3 a4 14. c5 d5 15. b5 c6 16.
Rab1 Qc7 17. Ba1 cxb5 18. Rxb5 b6 19. c6 Nc5 20. d4 exd4 21. Bxd4 Ba6 22. Bxc5
Bxb5 23. Bxb5 bxc5 24. Qxc5 Red8 25. Nb1 Ra5 26. Nd4 Bxd4 27. exd4 Nf6 28. f3
Nh5 29. Re1 Kf7 30. Nc3 Nf4 31. Qb4 Rb8 32. Re3 Rd8 33. Bxa4 Rb8 34. Bb5 Raxb5
35. Nxb5 Qxc6 36. a4 Ra8 37. Nc3 Rc8 38. a5 Ra8 39. Qb6 Qxb6 40. axb6 Rb8 41.
Na4 Ne6 42. Rd3 Ke7 43. Kf2 Ra8 44. Nc5 Rb8 45. Na4 Ra8 1/2-1/2